| 000 | 00784nam a2200241 i 4500 | ||
|---|---|---|---|
| 003 | DO-SdBNP | ||
| 005 | 20240802094551.0 | ||
| 007 | ta | ||
| 008 | 240730s200? dr 001 0 spa d | ||
| 020 | _a9788449437045, volumen IV | ||
| 040 |
_aDO-SdBNP _bspa _cBNPHU _erda |
||
| 082 | 4 |
_a371.3028 _bD545 _222 |
|
| 245 | 1 | 0 |
_aDiccionario enciclopédico : _bmétodo integral para el aprendizaje |
| 264 | 1 |
_aBarcelona : _bOceano, _cfecha no identificada |
|
| 300 |
_avolumen ; _c27 cm. |
||
| 336 |
_atexto _btxt _2rdacontent |
||
| 337 |
_asin mediación _bn _2rdamedia |
||
| 338 |
_avolumen _bnc _2rdacarrier |
||
| 590 | _aInventariado, 2024/ DG | ||
| 650 | 0 |
_aMétodos de estudio _980424 _vEnciclopedias y diccionarios |
|
| 910 | _aDG.Validado. Control de Calidad/MAA | ||
| 942 |
_2ddc _cLBS1 |
||
| 999 |
_c57367 _d57367 |
||